000 00633nas a2200241 a 4500
001 7464
003 15374
005 20201118095411.0
008 ||||||n9999 ||| || ||
041 _aspa
110 _aMinisterio de Desarrollo Económico
245 0 _aMemorias del Ministro de Desarrollo Economico
260 _aBogotá :
_bEl Ministerio,
_c1960.
300 _av
562 _e0
650 _aCOLOMBIA
650 _aDESARROLLO ECONÓMICO
650 _aHACIENDA PÚBLICA--COLOMBIA
650 _aPLANES DE DESARROLLO
650 _aPOLÍTICA ECONÓMICA
650 _aPOLÍTICAS DE DESARROLLO
942 _cDO-GO
999 _c7464
_d7464